Science for all: Report of a regional meeting Bangkok, 20-26 september 1983 (Record no. 1383528)

MARC details
000 -LEADER
fixed length control field 00620nam a2200181Ia 4500
005 - DATE AND TIME OF LATEST TRANSACTION
control field 20250508163455.0
008 - FIXED-LENGTH DATA ELEMENTS--GENERAL INFORMATION
fixed length control field 008 250505s9999 xx 000 0 eng d
037 ## - SOURCE OF ACQUISITION
Stock number Textual
040 ## - CATALOGING SOURCE
Original cataloging agency FEDL
Language of cataloging eng
Transcribing agency FEDL
041 ## - LANGUAGE CODE
Language code of text/sound track or separate title eng
Source of code eng
084 ## - COLON CLASSIFICATION NUMBER
Classification number 507, UNE
Assigning agency FEDL
245 #0 - TITLE STATEMENT
Title Science for all: Report of a regional meeting Bangkok, 20-26 september 1983
260 ## - PUBLICATION, DISTRIBUTION, ETC.
Place of publication, distribution, etc. Bangkok, Thailand
Name of publisher, distributor, etc. UNESCO Regional Office for Education in Asia and the Pacific
Date of publication, distribution, etc. 1983
300 ## - PHYSICAL DESCRIPTION
Extent 63p.
490 ## - SERIES STATEMENT
Series statement Asian Programms of Educational Innovation for Development
942 ## - ADDED ENTRY ELEMENTS (KOHA)
Koha item type Textual
Classification part 507, UNE
Holdings
Withdrawn status Lost status Damaged status Not for loan Home library Current library Date acquired Total Checkouts Full call number Barcode Date last seen Price effective from Koha item type
        Department of Education Library Department of Education Library 2025-05-08   507, UNE EL0076916 2025-05-08 2025-05-08 Textual
Copyright @ Delhi University Library System